Pages choisies

Guardat en:
Dades bibliogràfiques
Autor principal: Saint-Exupéry, Antoine de (Autor)
Format: Llibre
Idioma:francès
Publicat: París Hachette 1956
Col·lecció:Classiques Illustrés Vaubourdolle
Matèries:
Etiquetes: Afegir etiqueta
Sense etiquetes, Sigues el primer a etiquetar aquest registre!

MARC

LEADER 00000nam a2200000 a 4500
001 UCZ5814
003 CL-VaPUC
008 951124e19560000FR |||||||||||||||||fre|d
082 0 4 |a 844  |b SAI  |2 21 
100 0 |a Saint-Exupéry, Antoine de  |e author  |9 315926 
245 1 0 |a Pages choisies 
300 |a 94 p 
942 |c BK 
945 |d 19951124 00:00:00  |a lriquelm 
260 |a París  |b Hachette  |c 1956 
650 0 |a Ensayos franceses  |9 265511 
650 0 |a Literatura francesa  |9 266330 
650 0 |a Cuentos franceses   |9 265569 
583 |a last modification  |c 20160520 16:16:27  |k Rodrigo Vera 
490 0 |a Classiques Illustrés Vaubourdolle 
999 |c 242102  |d 242100 
952 |0 0  |1 0  |4 0  |6 844_000000000000000_SAI_1956  |7 0  |8 A  |9 254823  |a BIBEDU  |b BIBEDU  |d 2019-11-19  |i 1577468  |o 844 SAI 1956  |p 1577468  |r 2019-11-19  |w 2019-11-19  |y BK  |k FIL 
952 |0 0  |1 0  |4 0  |6 844_000000000000000_SAI_1956  |7 0  |8 A  |9 254824  |a BIBEDU  |b BIBEDU  |d 2019-11-19  |i 3163040  |o 844 SAI 1956  |p 3163040  |r 2019-11-19  |w 2019-11-19  |y BK  |k LIT